<?xml version="1.0" encoding="UTF-8"?><marc:collection xmlns:marc="http://www.loc.gov/MARC21/slim">
  <marc:record>
    <marc:leader>00000nam##2200000za#4500</marc:leader>
    <marc:controlfield tag="001">9.694000</marc:controlfield>
    <marc:controlfield tag="003">CaOODSP</marc:controlfield>
    <marc:controlfield tag="005">20240209132431</marc:controlfield>
    <marc:controlfield tag="007">cr |||||||||||</marc:controlfield>
    <marc:controlfield tag="008">150407|2008||||xxc|||||o    f|0| 0 eng|d</marc:controlfield>
    <marc:datafield tag="040" ind1=" " ind2=" ">
      <marc:subfield code="a">CaOODSP</marc:subfield>
      <marc:subfield code="b">eng</marc:subfield>
    </marc:datafield>
    <marc:datafield tag="043" ind1=" " ind2=" ">
      <marc:subfield code="a">n-cn---</marc:subfield>
    </marc:datafield>
    <marc:datafield tag="086" ind1="1" ind2=" ">
      <marc:subfield code="a">Iu89-4/24-2007E-PDF</marc:subfield>
    </marc:datafield>
    <marc:datafield tag="110" ind1="2" ind2=" ">
      <marc:subfield code="a">Atlantic Canada Opportunities Agency.</marc:subfield>
    </marc:datafield>
    <marc:datafield tag="245" ind1="1" ind2="0">
      <marc:subfield code="a">Your guide to programs and services of the Atlantic Canada Opportunities Agency : </marc:subfield>
      <marc:subfield code="h">[electronic resource]</marc:subfield>
      <marc:subfield code="b">Building a stronger economy together </marc:subfield>
    </marc:datafield>
    <marc:datafield tag="260" ind1=" " ind2=" ">
      <marc:subfield code="a">Moncton - New Brunswick : </marc:subfield>
      <marc:subfield code="b">Atlantic Canada Opportunities Agency </marc:subfield>
      <marc:subfield code="c">[2008].</marc:subfield>
    </marc:datafield>
    <marc:datafield tag="300" ind1=" " ind2=" ">
      <marc:subfield code="a">17p.</marc:subfield>
    </marc:datafield>
    <marc:datafield tag="500" ind1=" " ind2=" ">
      <marc:subfield code="a">The catalogue number (Iu89-4/24-2007) and ISBN (978-0-662-49793-6) for the bilingual print edition have been incorrectly copied in this electronic publication.</marc:subfield>
    </marc:datafield>
    <marc:datafield tag="520" ind1="3" ind2=" ">
      <marc:subfield code="a">Outlines how aspiring entrepreneurs, business owners and managers, non-commercial organizations, communities, and academic and research institutions can benefit from the programs and services of the Atlantic Canada Opportunities Agency. Provides an overview of the Agency and includes sections on starting and expanding a business; working with non-commercial organizations; building stronger communities; and working with partners. Includes detailed contact information for Canada Business Service Centres and Community Business Development Corporations throughout the Atlantic provinces.</marc:subfield>
    </marc:datafield>
    <marc:datafield tag="590" ind1=" " ind2=" ">
      <marc:subfield code="a">11-06-Supp</marc:subfield>
      <marc:subfield code="b">2011-04-14</marc:subfield>
    </marc:datafield>
    <marc:datafield tag="690" ind1="0" ind2="7">
      <marc:subfield code="a">Federal programs</marc:subfield>
      <marc:subfield code="2">gcpds</marc:subfield>
    </marc:datafield>
    <marc:datafield tag="775" ind1="0" ind2="8">
      <marc:subfield code="t">Guide des programmes et des services offerts par l'Agence de promotion économique du Canada atlantique : </marc:subfield>
      <marc:subfield code="w">(CaOODSP)9.638183</marc:subfield>
    </marc:datafield>
    <marc:datafield tag="776" ind1="0" ind2="#">
      <marc:subfield code="t">Your guide to programs and services of the Atlantic Canada Opportunities Agency </marc:subfield>
      <marc:subfield code="w">(CaOODSP)9.668475</marc:subfield>
    </marc:datafield>
    <marc:datafield tag="776" ind1="0" ind2="#">
      <marc:subfield code="t">Guide des programmes et des services offerts par l'Agence de promotion économique du Canada atlantique </marc:subfield>
      <marc:subfield code="w">(CaOODSP)9.668476</marc:subfield>
    </marc:datafield>
    <marc:datafield tag="856" ind1="4" ind2="0">
      <marc:subfield code="a">http://publications.gc.ca</marc:subfield>
      <marc:subfield code="q">PDF</marc:subfield>
      <marc:subfield code="s">321 KB</marc:subfield>
      <marc:subfield code="u">https://publications.gc.ca/collections/collection_2010/apeca-acoa/Iu89-4-24-2007-eng.pdf</marc:subfield>
    </marc:datafield>
  </marc:record>
</marc:collection>
